000 00584nam a22001817a 4500
005 20231128073423.0
008 231128b |||||||| |||| 00| 0 eng d
020 _a0702112526
041 _aEnglish
082 _a346.6 BAM
100 _aBamford, B
_lEnglish
245 _aBamford on the Law of Partnership and Voluntary Association in South Africa /
_cB Bamford
250 _aThird Edition
260 _aCape Town :
_bJuta and Company Ltd,
_c1982
300 _bxlvii, 274 pages ;
_c26 cm.
650 _aLegal practice
_bLaw
942 _cBK
_6ALISON_BN_VRIES
999 _c989
_d989